Normal view
MARC view
Entry Personal Name
001 - CONTROL NUMBER
- control field: 5096
003 - CONTROL NUMBER IDENTIFIER
- control field: BD-RjUL
005 - DATE AND TIME OF LATEST TRANSACTION
- control field: 20221002144814.0
008 - FIXED-LENGTH DATA ELEMENTS
- fixed length control field: 221002|| aca||aabn | a|a d
040 ## - CATALOGING SOURCE
- Original cataloging agency: BD-RjUL
- Transcribing agency: BD-RjUL
100 ## - HEADING--PERSONAL NAME
- Personal name: Nahar, Nurun
670 ## - SOURCE DATA FOUND
- Source citation: Work cat.: (BD-RjUL)80478: Nahar, Nurun, Impact of arsenic contamination in groundwater on a village production system :, 2006